[Event "SVK-ch 50"]
[Site "Tatranske Matliare"]
[Date "2019.05.26"]
[Round "2"]
[White "Lys, Josef"]
[Black "Hanzluvka, Peter"]
[Result "1-0"]
[WhiteElo "2147"]
[BlackElo "1920"]
[PlyCount "71"]
[EventDate "2019.05.25"]
[EventType "swiss"]
[EventRounds "9"]
[EventCountry "SVK"]
[SourceTitle "CBM 190 Extra"]
[Source "ChessBase"]
[SourceDate "2019.07.15"]
[SourceVersion "1"]
[SourceVersionDate "2019.07.15"]
[SourceQuality "1"]

1. d4 d5 2. c4 c6 3. Nc3 Nf6 4. Nf3 e6 5. e3 Nbd7 6. b3 Bb4 7. Bd2 0-0 8. Bd3 Re8 9. Qc2 e5 10. dxe5 Nxe5 11. Nxe5 Rxe5 12. cxd5 cxd5 13. 0-0 Bg4 14. Nb5 Bxd2 15. Qxd2 a6 16. Nd4 Rg5 17. f4 Rh5 18. h3 Bd7 19. Qe2 Qe7 20. Qf3 g6 21. Rac1 Re8 22. Rfe1 Bc8 23. Rc2 Ne4 24. Rec1 Nd6 25. Be2 Bd7 26. Rc7 Rc8 27. Qf2 Rxc7 28. Rxc7 Rh6 29. Bg4 f5 30. Bf3 Ne4 31. Bxe4 dxe4 32. Rxb7 Qd8 33. Qc2 g5 34. Qc4+ Kf8 35. Qd5 Ke8 36. Qg8+ 1-0

[Event "SVK-chT3A2 1819"]
[Site "Slovakia"]
[Date "2019.03.24"]
[Round "11.4"]
[White "Vlkovic, Pavol"]
[Black "Hanzluvka, Peter"]
[Result "0-1"]
[WhiteElo "1824"]
[BlackElo "1903"]
[PlyCount "126"]
[EventDate "2018.10.07"]
[EventType "team-tourn"]
[EventRounds "11"]
[EventCountry "SVK"]
[SourceTitle "EXT 2020"]
[Source "ChessBase"]
[SourceDate "2019.10.17"]
[SourceVersion "1"]
[SourceVersionDate "2019.10.17"]
[SourceQuality "1"]
[WhiteTeam "Cifer"]
[BlackTeam "Senica CVC"]
[WhiteTeamCountry "SVK"]
[BlackTeamCountry "SVK"]

1. e4 c5 2. Nf3 d6 3. c3 Nf6 4. h3 Nc6 5. Bd3 g6 6. Bc2 Bg7 7. d3 b5 8. Nbd2 0-0 9. Nf1 b4 10. Ba4 Bb7 11. Bd2 Nd7 12. Bxc6 Bxc6 13. Ne3 a5 14. Ng4 Nf6 15. Qc1 Kh8 16. Bh6 Ng8 17. Bxg7+ Kxg7 18. c4 Qc7 19. b3 Rae8 20. 0-0 f5 21. Ng5 e5 22. Ne3 h6 23. Nf3 fxe4 24. dxe4 Bxe4 25. Nd2 Bc6 26. a3 Ne7 27. Qb2 Nf5 28. Rae1 Qd8 29. Nxf5+ Rxf5 30. axb4 axb4 31. Ne4 Rf4 32. f3 Ref8 33. Qd2 Bxe4 34. fxe4 R8f6 35. Rxf4 Rxf4 36. Rf1 Rxe4 37. Qd5 Rf4 38. Ra1 Rf7 39. Rd1 Rd7 40. Ra1 Qf6 41. Ra8 Rf7 42. Qc6 h5 43. Ra6 Qf1+ 44. Kh2 Qf4+ 45. Kh1 Qg3 46. Ra1 Rf2 47. Qd7+ Kh6 48. Rg1 e4 49. Qd8 Qe5 50. Re1 e3 51. Kg1 Qd4 52. h4 Rf5 53. Kh1 Qe5 54. Kg1 Qc3 55. Kh2 Qe5+ 56. Kh1 Kg7 57. Qd7+ Rf7 58. Qh3 e2 59. Qd3 Rf4 60. Qxe2 Rxh4+ 61. Kg1 Qh2+ 62. Kf2 Rf4+ 63. Ke3 Qg3+ 0-1

[Event "SVK-chT3A2 1819"]
[Site "Slovakia"]
[Date "2018.12.09"]
[Round "5.1"]
[White "Malar, Pavol"]
[Black "Hanzluvka, Peter"]
[Result "0-1"]
[WhiteElo "2074"]
[BlackElo "1903"]
[PlyCount "74"]
[EventDate "2018.10.07"]
[EventType "team-tourn"]
[EventRounds "11"]
[EventCountry "SVK"]
[SourceTitle "EXT 2020"]
[Source "ChessBase"]
[SourceDate "2019.10.17"]
[SourceVersion "1"]
[SourceVersionDate "2019.10.17"]
[SourceQuality "1"]
[WhiteTeam "Hlohovec"]
[BlackTeam "Senica CVC"]
[WhiteTeamCountry "SVK"]
[BlackTeamCountry "SVK"]

1. e4 c5 2. Nc3 Nc6 3. f4 e6 4. Nf3 g6 5. Bc4 Bg7 6. 0-0 Nge7 7. d3 a6 8. a4 0-0 9. Qe1 Nd4 10. Qf2 b6 11. Nd1 Bb7 12. c3 Nxf3+ 13. Qxf3 d5 14. Bb3 Qc7 15. Nf2 b5 16. axb5 axb5 17. Rxa8 Rxa8 18. e5 c4 19. Bc2 d4 20. Ne4 dxc3 21. bxc3 Nd5 22. dxc4 bxc4 23. Nd6 Ra2 24. Be4 Qc5+ 25. Kh1 Bc6 26. Bb1 Nxc3 27. Ne4 Bxe4 28. Bxe4 Nxe4 29. Qxe4 Bf8 30. Rd1 c3 31. Be3 Qa3 32. Qd4 Ra1 33. h3 Rxd1+ 34. Qxd1 c2 35. Qc1 Qd3 36. Kg1 Ba3 37. Qe1 Qd1 0-1

[Event "SVK-chT3A2 1617"]
[Site "Slovakia"]
[Date "2016.10.16"]
[Round "1.1"]
[White "Hanzluvka, Peter"]
[Black "Meszaros, Lorant"]
[Result "0-1"]
[WhiteElo "1935"]
[BlackElo "2024"]
[PlyCount "56"]
[EventDate "2016.10.16"]
[EventType "team-tourn"]
[EventRounds "11"]
[EventCountry "SVK"]
[SourceTitle "EXT 2020"]
[Source "ChessBase"]
[SourceDate "2019.10.17"]
[SourceVersion "1"]
[SourceVersionDate "2019.10.17"]
[SourceQuality "1"]
[WhiteTeam "Senica CVC"]
[BlackTeam "Potonska Veza II"]
[WhiteTeamCountry "SVK"]
[BlackTeamCountry "SVK"]

1. e4 e5 2. Nf3 Nc6 3. Bb5 a6 4. Ba4 Nf6 5. d3 b5 6. Bb3 Be7 7. 0-0 d6 8. c3 Bg4 9. Bg5 0-0 10. Nbd2 h6 11. Be3 Na5 12. Bc2 c5 13. Re1 Nh7 14. h3 Bh5 15. Nf1 Ng5 16. Kh2 Bxf3 17. gxf3 Qd7 18. Bxg5 Bxg5 19. Ne3 Nc6 20. Rg1 Bf4+ 21. Kg2 Ne7 22. Bb3 Kh8 23. Bd5 Rab8 24. Rb1 f5 25. Qb3 Rf6 26. Kf1 Bxe3 27. fxe3 fxe4 28. Rg3 Nf5 0-1

[Event "Tatry op"]
[Site "Tatranske Zruby"]
[Date "2013.10.04"]
[Round "7"]
[White "Trmac, Radek"]
[Black "Hanzluvka, Peter"]
[Result "1/2-1/2"]
[WhiteElo "1771"]
[BlackElo "1968"]
[PlyCount "72"]
[EventDate "2013.09.29"]
[EventType "swiss"]
[EventRounds "9"]
[EventCountry "SVK"]
[SourceTitle "EXT 2023"]
[Source "ChessBase"]
[SourceDate "2022.10.05"]
[SourceVersion "1"]
[SourceVersionDate "2022.10.05"]
[SourceQuality "1"]

1. d4 d5 2. Nf3 Nf6 3. c4 c6 4. cxd5 cxd5 5. Nc3 Nc6 6. Bf4 a6 7. e3 Bg4 8. Be2 e6 9. h3 Bh5 10. Rc1 Bb4 11. 0-0 0-0 12. a3 Be7 13. Ne5 Bxe2 14. Qxe2 Nxe5 15. Bxe5 Nd7 16. Bh2 f5 17. Nb1 Rc8 18. Qd2 Qb6 19. Rxc8 Rxc8 20. Rc1 Rxc1+ 21. Qxc1 Qc6 22. Qxc6 bxc6 23. b4 Nb6 24. Nd2 Na4 25. Bc7 Nc3 26. Bb6 Nb5 27. Nb1 Kf7 28. Kf1 Ke8 29. Ke2 g5 30. Kd3 h5 31. f3 Kd7 32. Bc5 Bf6 33. a4 Nd6 34. Nd2 Nb7 35. Nb3 Bd8 36. a5 Be7 1/2-1/2

[Event "SVK-chT1W 1213"]
[Site "Slovakia"]
[Date "2013.02.03"]
[Round "7.8"]
[White "Helbich, Branislav"]
[Black "Hanzluvka, Peter"]
[Result "1-0"]
[WhiteElo "2036"]
[BlackElo "2032"]
[PlyCount "87"]
[EventDate "2012.10.20"]
[EventType "team-tourn"]
[EventRounds "11"]
[EventCountry "SVK"]
[SourceTitle "EXT 2015"]
[Source "ChessBase"]
[SourceDate "2014.11.20"]
[SourceVersion "1"]
[SourceVersionDate "2014.11.20"]
[SourceQuality "1"]
[WhiteTeam "Budmerice"]
[BlackTeam "Osuske"]
[WhiteTeamCountry "SVK"]
[BlackTeamCountry "SVK"]

1. e4 c5 2. Nf3 d6 3. d4 cxd4 4. Nxd4 Nf6 5. Bd3 e6 6. c4 Qb6 7. Nb5 a6 8. Be3 Qa5+ 9. N5c3 Bd7 10. Nd2 Nc6 11. 0-0 Ne5 12. Be2 Be7 13. f4 Ng6 14. f5 Ne5 15. fxe6 fxe6 16. Qb3 Qc7 17. Bb6 Qc6 18. Nf3 0-0 19. Nd4 Qc8 20. Rad1 Kh8 21. Nf3 Ng6 22. Be3 Bc6 23. Bd3 Ng4 24. Bc1 d5 25. Qc2 Bc5+ 26. Kh1 Qc7 27. exd5 exd5 28. cxd5 Bd7 29. Ne4 Rac8 30. Nxc5 Qxc5 31. Qxc5 Rxc5 32. Bxg6 hxg6 33. h3 Nf6 34. d6 Rfc8 35. b3 Rc2 36. a3 Ne4 37. Kh2 Re2 38. Nd4 Ra2 39. Rf7 Nf6 40. Bg5 Kg8 41. Re7 Rd8 42. a4 Rb2 43. Rf1 Bc8 44. Rxg7+ 1-0

[Event "SVK-chT1W 1112"]
[Site "Slovakia"]
[Date "2012.03.04"]
[Round "11.8"]
[White "Hanzluvka, Peter"]
[Black "Helbich, Branislav"]
[Result "1-0"]
[WhiteElo "1987"]
[BlackElo "2036"]
[PlyCount "85"]
[EventDate "2011.10.15"]
[EventType "team-tourn"]
[EventRounds "11"]
[EventCountry "SVK"]
[SourceTitle "EXT 2013"]
[Source "ChessBase"]
[SourceDate "2012.11.22"]
[SourceVersion "1"]
[SourceVersionDate "2012.11.22"]
[SourceQuality "1"]
[WhiteTeam "Osuske"]
[BlackTeam "Budmerice"]
[WhiteTeamCountry "SVK"]
[BlackTeamCountry "SVK"]

1. e4 e5 2. Nf3 Nc6 3. Bb5 Nf6 4. 0-0 Be7 5. Re1 d6 6. d4 exd4 7. Nxd4 Bd7 8. Nxc6 bxc6 9. Bd3 0-0 10. b3 Bg4 11. Qd2 Nd7 12. h3 Be6 13. f4 f5 14. Nc3 Nc5 15. Bf1 Bh4 16. Re2 Qf6 17. e5 dxe5 18. fxe5 Qg6 19. Ba3 Rfd8 20. Qe3 Nd7 21. Rd1 Qf7 22. Qf3 Nb6 23. Red2 Nd5 24. Nxd5 cxd5 25. Qf4 Be7 26. Bxe7 Qxe7 27. c4 dxc4 28. Rxd8+ Rxd8 29. Rxd8+ Qxd8 30. Bxc4 Qd7 31. Kf2 g6 32. Ke3 c5 33. g4 fxg4 34. hxg4 Qe7 35. g5 Qd7 36. Qe4 Kf7 37. Qf3+ Kg8 38. Bxe6+ Qxe6 39. Qa8+ Kg7 40. Qxa7+ Kg8 41. Qb8+ Kg7 42. Qc7+ Kg8 43. Qd8+ 1-0

[Event "Tatry op"]
[Site "Tatranske Zruby"]
[Date "2011.10.01"]
[Round "8"]
[White "Hanzluvka, Peter"]
[Black "Chovanec, Vladimir"]
[Result "1/2-1/2"]
[WhiteElo "1987"]
[BlackElo "2114"]
[PlyCount "46"]
[EventDate "2011.09.25"]
[EventType "swiss"]
[EventRounds "9"]
[EventCountry "SVK"]
[SourceTitle "CBM 144 Extra"]
[Source "ChessBase"]
[SourceDate "2011.10.28"]
[SourceVersion "1"]
[SourceVersionDate "2011.10.28"]
[SourceQuality "1"]

1. e4 e6 2. d4 d5 3. e5 c5 4. c3 Nc6 5. Nf3 Bd7 6. Bd3 Qb6 7. Bc2 Rc8 8. 0-0 Nh6 9. a4 cxd4 10. cxd4 Nb4 11. Bb3 Nf5 12. Nc3 Be7 13. Re1 Nc6 14. Be3 Nxe3 15. fxe3 Na5 16. Nd2 Bb4 17. Rc1 0-0 18. Ba2 f5 19. Bb1 a6 20. Rf1 Be7 21. Qh5 Be8 22. Qh3 Bg6 23. g4 fxg4 1/2-1/2

[Event "SVK-chT2A 10/11"]
[Site "Slovakia"]
[Date "2010.12.05"]
[Round "4.8"]
[White "Hanzluvka, Peter"]
[Black "Srna, Jan"]
[Result "0-1"]
[WhiteElo "1961"]
[BlackElo "2047"]
[PlyCount "90"]
[EventDate "2010.10.23"]
[EventType "team-tourn"]
[EventRounds "11"]
[EventCountry "SVK"]
[SourceTitle "EXT 2019"]
[Source "ChessBase"]
[SourceDate "2018.10.10"]
[SourceVersion "1"]
[SourceVersionDate "2018.10.10"]
[SourceQuality "1"]
[WhiteTeam "Osuske II"]
[BlackTeam "Pezinok KS"]
[WhiteTeamCountry "SVK"]
[BlackTeamCountry "SVK"]

1. e4 e6 2. d4 d5 3. e5 c5 4. c3 Qb6 5. Nf3 Nc6 6. Be2 cxd4 7. cxd4 Nge7 8. Na3 Nf5 9. Nc2 Bb4+ 10. Kf1 Be7 11. g3 Bd7 12. a3 Na5 13. Nb4 Bb5 14. Bxb5+ Qxb5+ 15. Kg2 Rc8 16. Bd2 Nc4 17. Qf1 Qb6 18. Rc1 0-0 19. Qe2 Nxd4 20. Nxd4 Qxd4 21. Bc3 Qb6 22. Rhd1 a5 23. Bd4 Bc5 24. Bxc5 Rxc5 25. Nd3 Rc6 26. b4 Rfc8 27. Qg4 Nxa3 28. Rxc6 Qxc6 29. Rc1 Nc4 30. bxa5 Ra8 31. Kh3 Qd7 32. Nc5 Qe7 33. Qd4 h6 34. f4 Rxa5 35. Ne4 Kh8 36. Rc3 b5 37. Nd2 Qa7 38. Qd3 Qf2 39. Rc2 Qb6 40. Nf3 Ra3 41. Rc3 b4 42. Rb3 Qf2 43. Qb1 Rxb3 44. Qxb3 Ne3 45. Nh4 Qf1+ 0-1

[Event "SVK-chT2A 10/11"]
[Site "Slovakia"]
[Date "2010.12.04"]
[Round "14.8"]
[White "Sosovicka, Matej"]
[Black "Hanzluvka, Peter"]
[Result "0-1"]
[WhiteElo "1932"]
[BlackElo "1961"]
[PlyCount "80"]
[EventDate "2010.10.23"]
[EventType "team-tourn"]
[EventRounds "11"]
[EventCountry "SVK"]
[SourceTitle "EXT 2019"]
[Source "ChessBase"]
[SourceDate "2018.10.10"]
[SourceVersion "1"]
[SourceVersionDate "2018.10.10"]
[SourceQuality "1"]
[WhiteTeam "Devinska Nova Ves"]
[BlackTeam "Osuske II"]
[WhiteTeamCountry "SVK"]
[BlackTeamCountry "SVK"]

1. e4 c5 2. Nf3 d6 3. d4 cxd4 4. Nxd4 Nf6 5. Nc3 a6 6. Be3 e6 7. f3 Be7 8. Qd2 Bd7 9. g4 Nc6 10. 0-0-0 b5 11. h4 Nxd4 12. Qxd4 Qa5 13. Kb1 b4 14. Ne2 Rc8 15. Nc1 Qc7 16. Bd3 a5 17. Qb6 a4 18. Qxb4 d5 19. Qb6 dxe4 20. Qxc7 Rxc7 21. Bxe4 Nxe4 22. fxe4 Bc6 23. Bf4 Rb7 24. Rde1 f5 25. gxf5 exf5 26. Rhg1 Bxh4 27. Bg3 Bxg3 28. Rxg3 Bxe4 29. Nd3 Re7 30. Rge3 0-0 31. Nc5 Rfe8 32. Kc1 Kf7 33. Nxe4 Rxe4 34. Rxe4 Rxe4 35. Rxe4 fxe4 36. Kd2 Ke6 37. Ke3 Ke5 38. b3 axb3 39. cxb3 h5 40. b4 h4 0-1

[Event "SVK-chT2A 10/11"]
[Site "Slovakia"]
[Date "2010.10.24"]
[Round "2.8"]
[White "Dolnak, Michal"]
[Black "Hanzluvka, Peter"]
[Result "1/2-1/2"]
[WhiteElo "1878"]
[BlackElo "1961"]
[PlyCount "90"]
[EventDate "2010.10.23"]
[EventType "team-tourn"]
[EventRounds "11"]
[EventCountry "SVK"]
[SourceTitle "EXT 2019"]
[Source "ChessBase"]
[SourceDate "2018.10.10"]
[SourceVersion "1"]
[SourceVersionDate "2018.10.10"]
[SourceQuality "1"]
[WhiteTeam "Krasnany"]
[BlackTeam "Osuske II"]
[WhiteTeamCountry "SVK"]
[BlackTeamCountry "SVK"]

1. d4 Nf6 2. c4 d5 3. cxd5 Nxd5 4. e4 Nf6 5. Nc3 e6 6. Bg5 Be7 7. Nf3 h6 8. Bf4 a6 9. Rc1 b6 10. Bd3 Bb7 11. 0-0 0-0 12. Bb1 Nc6 13. e5 Nd5 14. Nxd5 Qxd5 15. Qc2 g6 16. Bxh6 Nxd4 17. Qd3 Nxf3+ 18. Qxf3 Qxf3 19. gxf3 Rfc8 20. f4 c5 21. Bg5 Kf8 22. Rfd1 Rd8 23. Kf1 Bd5 24. Ke2 Ra7 25. Ke3 Rad7 26. Rd2 c4 27. Bxe7+ Kxe7 28. Rcd1 Rh8 29. Be4 Rxh2 30. Bxd5 exd5 31. Rxd5 Rh3+ 32. Ke4 Rxd5 33. Rxd5 c3 34. bxc3 Rxc3 35. Rd6 Rc4+ 36. Kf3 Rb4 37. a4 a5 38. Kg4 Rb2 39. Kg3 Rb3+ 40. Kg4 Rb4 41. Kg3 Rxa4 42. Rxb6 Rb4 43. Ra6 a4 44. Kg4 Rd4 45. Kg5 Rb4 1/2-1/2

[Event "Tatry op"]
[Site "Tatranske Zruby"]
[Date "2010.10.02"]
[Round "1"]
[White "Tyda, Krzysztof"]
[Black "Hanzluvka, Peter"]
[Result "1-0"]
[WhiteElo "2024"]
[BlackElo "1961"]
[PlyCount "71"]
[EventDate "2010.10.02"]
[EventType "swiss"]
[EventRounds "9"]
[EventCountry "SVK"]
[SourceTitle "CBM 138 Extra"]
[Source "ChessBase"]
[SourceDate "2010.10.29"]
[SourceVersion "1"]
[SourceVersionDate "2010.10.29"]
[SourceQuality "1"]

1. d4 d5 2. c4 c6 3. Nf3 Nf6 4. Nc3 e6 5. Bg5 Be7 6. e3 Nbd7 7. Rc1 h6 8. Bh4 0-0 9. Bd3 dxc4 10. Bxc4 b5 11. Bd3 Bb7 12. 0-0 Rc8 13. Qe2 a6 14. Rfd1 Qa5 15. a3 Rfe8 16. Bb1 b4 17. axb4 Qxb4 18. Qc2 g6 19. Ba2 Kg7 20. h3 Qa5 21. Bg3 Bb4 22. Ne5 Bxc3 23. bxc3 c5 24. Nc4 Qb5 25. Nd6 Qc6 26. f3 cxd4 27. exd4 Red8 28. Bb1 Nf8 29. Nxc8 Rxc8 30. Be5 N8d7 31. Qe2 Nxe5 32. Qxe5 Qa4 33. Re1 Qa3 34. c4 Qb4 35. Be4 Bxe4 36. fxe4 1-0

[Event "SVK-ch Seniors-B"]
[Site "Tatranske Matliare"]
[Date "2010.06.??"]
[Round "5"]
[White "Hanzluvka, Peter"]
[Black "Mikulas, Dusan"]
[Result "1/2-1/2"]
[WhiteElo "1956"]
[BlackElo "2163"]
[PlyCount "83"]
[EventDate "2010.06.06"]
[EventType "swiss"]
[EventRounds "9"]
[EventCountry "SVK"]
[SourceTitle "EXT 2023"]
[Source "ChessBase"]
[SourceDate "2022.10.05"]
[SourceVersion "1"]
[SourceVersionDate "2022.10.05"]
[SourceQuality "1"]

1. e4 e5 2. Nf3 Nc6 3. Bb5 a6 4. Ba4 Nf6 5. 0-0 Be7 6. Re1 b5 7. Bb3 0-0 8. h3 d6 9. c3 Na5 10. Bc2 c5 11. d4 Qc7 12. Nbd2 cxd4 13. cxd4 Nc6 14. d5 Nb4 15. Bb1 a5 16. Nf1 Bd7 17. a3 Na6 18. Bd2 Rac8 19. b4 a4 20. Bd3 Qd8 21. Qe2 Nc7 22. Rac1 Rb8 23. Rc3 Nce8 24. Rec1 g6 25. Ng3 Ng7 26. Bh6 Nfe8 27. Nh2 Bg5 28. Bxg5 Qxg5 29. Nf3 Qf4 30. Qf1 f5 31. Qe2 fxe4 32. Bxe4 Nf6 33. Qe3 Rbc8 34. Rxc8 Rxc8 35. Rxc8+ Bxc8 36. Nd2 Qxe3 37. fxe3 Nf5 38. Bxf5 gxf5 39. e4 f4 40. Ne2 Bd7 41. Kf2 Kf8 42. g3 1/2-1/2